Normal view
MARC view
- Braun, Markus Sebastian
Entry Personal Name
001 - CONTROL NUMBER
- control field: 129181
003 - CONTROL NUMBER IDENTIFIER
- control field: NUST
005 - DATE AND TIME OF LATEST TRANSACTION
- control field: 20250624115723.0
008 - FIXED-LENGTH DATA ELEMENTS
- fixed length control field: 250624|| aca||aabn | a|a d
040 ## - CATALOGING SOURCE
- Original cataloging agency: NUST
- Transcribing agency: NUST
100 ## - HEADING--PERSONAL NAME
- Personal name: Braun, Markus Sebastian
670 ## - SOURCE DATA FOUND
- Source citation: Work cat.: (NUST)0: Braun, Markus Sebastian, author., Inspired & inspiring :
